Statystyki dla Zawodnicy którzy jako jedyni mieli +90 oceny ogólnej w FIFIE.

Kliknij tutaj aby rozwiązać quiz!

Ogólne statystyki

  • Ten quiz został rozwiązany 177 razy
  • Średni wynik to 27 z 37

Statystyki odpowiedzi

Zawodnik% Poprawnych
Manuel Neuer
97%
Cristiano Ronaldo
94%
Lionel Messi
94%
Jan Oblak
92%
Robert Lewandowski
91%
Luka Modrić
90%
Harry Kane
87%
Marc-André ter Stegen
87%
Kevin de Bruyne
85%
Mohamed Salah
85%
Gareth Bale
84%
Virgil van Dijk
83%
Neymar
82%
Kylian Mbappe
81%
Luis Suárez
81%
Sadio Mané
81%
Thibaut Courtois
80%
Zlatan Ibrahimović
80%
Andrés Iniesta
79%
Xavi
79%
David de Gea
78%
Sergio Ramos
77%
Allison
72%
Giorgio Chiellini
71%
Diego Godín
69%
Eden Hazard
66%
Toni Kroos
62%
Karim Benzema
60%
Mats Hummels
59%
Wayne Rooney
56%
Radamel Falcao
55%
Sergio Agüero
55%
N’Golo Kanté
50%
Arjen Robben
42%
Franck Ribéry
35%
Gonzalo Higuaín
34%
David Silva
27%

Rozkład punktacji

Percentyl według liczby udzielonych odpowiedzi

Procent ludzi z każdym wynikiem

Twoja historia wyników

Nie rozwiązałeś tego quizu